Modely optimalizace zásob
Na minha lista:
| Autor principal: | |
|---|---|
| Formato: | Livro |
| Idioma: | tcheco |
| Publicado em: |
Praha
Informační středisko skladového hospodářství
1969
|
| Colecção: | Malá knižnice skladového hospodářství
sv. 6 |
| Tags: |
Sem tags, seja o primeiro a adicionar uma tag!
|
MARC
| LEADER | 00000nam a2200000 4500 | ||
|---|---|---|---|
| 001 | c122313 | ||
| 005 | 20041019155224.9 | ||
| 041 | 0 | |a cze | |
| 044 | |a CZ | ||
| 245 | 1 | 0 | |a Modely optimalizace zásob |c Quido Mann |
| 264 | 1 | |a Praha |b Informační středisko skladového hospodářství |c 1969 | |
| 300 | |a 123 s. | ||
| 490 | 1 | |a Malá knižnice skladového hospodářství |v sv. 6 | |
| 830 | 0 | |a Malá knižnice skladového hospodářství |v sv. 6 | |
| 100 | 1 | |a Mann, Quido | |